Word power dictionary : improve your english as you build your vocabulary

Bibliographic Details
Format: Book
Published: Hong Kong : The Reader's Digest Association Far East Limited , 2001
Subjects:

MARC

LEADER 00000cam a2200000 7i4500
001 0000093339
005 20050429.0
020 |a 9622582362 
090 0 0 |a 428.1   |b WOR 
245 0 0 |a Word power dictionary :   |b improve your english as you build your vocabulary 
260 |a Hong Kong :   |b The Reader's Digest Association Far East Limited ,   |c 2001 
300 |a 1088p. ;   |c 29cm. 
650 0 0 |a English language   |x Vocabulary   |x Dictionaries 
650 0 0 |a Vocabulary 
999 |a 00150231   |b BUKU   |c RUJUKAN   |e PERPUSTAKAAN KOMUNITI PETALING JAYA